000 00362nam a2200145Ia 4500
005 20251222153642.0
008 251222s9999||||xx |||||||||||||| ||spa||
020 _a9788498767032
082 _a658.1511/M96
100 _aMuñoz-Cobo González, Diego
245 0 _aSobre el Alma de la Toga
250 _a1ra. ed.
264 _bTirant lo Blanch
942 _cLIB
999 _c32794
_d32794